000 00667nam a2200277Ia 4500
005 20260324144908.0
008 008 260324s9999 xx 000 0 eng d
020 _a9781315178752
037 _aEBOOK
040 _aCRL
040 _beng
040 _cCRL
041 _2eng
041 _aeng
084 _qCRL
100 _aHarold Garfinkel
_91221009
245 0 _aRoutledge Revivals: Ethnomethodological Studies of Work (1986)
260 _bTaylor and Francis
260 _c1986
365 _a
365 _b230
856 _uhttp://www.taylorfrancis.com/books/9781315178752
942 _cEBOOK
999 _c1828198
_d1828198